000
00286nam a2200109Ia 4500
008
200302s9999 xx 000 0 und d
100
_a
Shenjian Hu and Others
245
_a
Interior details cad construction atlas Vol - III
260
_b
Encyclopedia SAL
260
_c
2017
300
_a
259
999
_c
7323
_d
7323